Numerical Solutions of Boundary Layer Flows with Variable Fluid Properties (Record no. 528183)
[ view plain ]
| 000 -LEADER | |
|---|---|
| fixed length control field | 00509nam a22001577a 4500 |
| 020 ## - INTERNATIONAL STANDARD BOOK NUMBER | |
| Qualifying information | HBK |
| 082 ## - DEWEY DECIMAL CLASSIFICATION NUMBER | |
| Classification number | 510 |
| 100 ## - MAIN ENTRY--PERSONAL NAME | |
| Personal name | Naz, Shafaq |
| 245 ## - TITLE STATEMENT | |
| Title | Numerical Solutions of Boundary Layer Flows with Variable Fluid Properties |
| Statement of responsibility, etc. | Shafaq Naz. |
| 260 ## - PUBLICATION, DISTRIBUTION, ETC. | |
| Place of publication, distribution, etc. | Islamabad: |
| Name of publisher, distributor, etc. | SNS - NUST, |
| Date of publication, distribution, etc. | 2016. |
| 300 ## - PHYSICAL DESCRIPTION | |
| Extent | 59 p. : ill. ; |
| Dimensions | 30cm. |
| 650 ## - SUBJECT ADDED ENTRY--TOPICAL TERM | |
| Topical term or geographic name entry element | Mathematics - MS Thesis. |
| 700 ## - ADDED ENTRY--PERSONAL NAME | |
| Personal name | Supervised Dr. Muhammad Asif Farooq. |
| 942 ## - ADDED ENTRY ELEMENTS (KOHA) | |
| Source of classification or shelving scheme | |
| Koha item type | Thesis |
| 650 ## - SUBJECT ADDED ENTRY--TOPICAL TERM | |
| -- | 16139 |
| 700 ## - ADDED ENTRY--PERSONAL NAME | |
| -- | 19783 |
| Withdrawn status | Lost status | Source of classification or shelving scheme | Damaged status | Not for loan | Permanent Location | Current Location | Shelving location | Date acquired | Total Checkouts | Full call number | Barcode | Date last seen | Price effective from | Koha item type |
|---|---|---|---|---|---|---|---|---|---|---|---|---|---|---|
| Central Library (CL) | Central Library (CL) | Thesis | 08/31/2019 | 510 | CL-T-2076 | 08/31/2019 | 08/31/2019 | Thesis |
